[Event "FIDE World Rapid Team"]
[Site "Almaty"]
[Date "2024.08.03"]
[Round "5.14"]
[White "Svidler, Peter"]
[Black "Tabatabaei, Mohammad Amin"]
[Result "1/2-1/2"]
[WhiteElo "2698"]
[BlackElo "2712"]
[PlyCount "129"]
[EventDate "2024.08.02"]
[EventType "team (rapid)"]
[EventRounds "12"]
[EventCountry "KAZ"]
[SourceTitle "CBM 221 Extra"]
[Source "ChessBase"]
[SourceDate "2024.09.30"]
[SourceVersion "1"]
[SourceVersionDate "2024.09.30"]
[SourceQuality "1"]
[WhiteTeam "Kazchess"]
[BlackTeam "GMHans.com"]
[WhiteTeamCountry "KAZ"]
[BlackTeamCountry "USA"]

1. e4 e5 2. Nf3 Nc6 3. Bb5 Nf6 4. d3 Bc5 5. c3 0-0 6. 0-0 d6 7. h3 h6 8. Re1 a6 9. Bxc6 bxc6 10. Nbd2 Re8 11. Nf1 a5 12. Ng3 Bb6 13. Be3 c5 14. d4 cxd4 15. cxd4 Bb7 16. dxe5 dxe5 17. Qc2 Qd7 18. Rad1 Qe6 19. a3 Rad8 20. Rxd8 Rxd8 21. Bxb6 cxb6 22. Qc7 Rd7 23. Qxe5 Qxe5 24. Nxe5 Rd2 25. Nc4 Rd4 26. Nxb6 Nxe4 27. Nf5 Rd8 28. f3 Nf6 29. Re7 Rb8 30. Nc4 a4 31. Nfd6 Bd5 32. Ra7 Ne8 33. Nxe8 Bxc4 34. Rxa4 Be6 35. Nc7 Rxb2 36. Nxe6 fxe6 37. Ra8+ Kf7 38. a4 Ra2 39. a5 g5 40. a6 h5 41. a7 Kg7 42. Kf1 Kh7 43. g3 e5 44. g4 Kg7 45. Ke1 Kh7 46. Kd1 Kg7 47. Kc1 hxg4 48. hxg4 Kh7 49. Kb1 Ra5 50. Kc2 Kg7 51. Kb3 Ra1 52. Kb4 Ra2 53. Kc5 Ra1 54. Kd6 Ra6+ 55. Ke7 Ra1 56. Ke6 Ra6+ 57. Kf5 Ra5 58. Ke6 Ra6+ 59. Kd7 Ra1 60. Kc6 Rc1+ 61. Kd5 Ra1 62. Kd6 Ra6+ 63. Ke7 Ra1 64. Ke6 Ra6+ 65. Ke7 1/2-1/2

[Event "FIDE World Rapid Team"]
[Site "Almaty"]
[Date "2024.08.03"]
[Round "8.8"]
[White "Yakubboev, Nodirbek"]
[Black "Svidler, Peter"]
[Result "1-0"]
[WhiteElo "2655"]
[BlackElo "2698"]
[PlyCount "163"]
[EventDate "2024.08.02"]
[EventType "team (rapid)"]
[EventRounds "12"]
[EventCountry "KAZ"]
[SourceTitle "CBM 221 Extra"]
[Source "ChessBase"]
[SourceDate "2024.09.30"]
[SourceVersion "1"]
[SourceVersionDate "2024.09.30"]
[SourceQuality "1"]
[WhiteTeam "Royal Chess"]
[BlackTeam "Kazchess"]
[WhiteTeamCountry "UZB"]
[BlackTeamCountry "KAZ"]

1. d4 d5 2. c4 e6 3. Nf3 a6 4. Bg5 Be7 5. Bxe7 Qxe7 6. Nbd2 Nf6 7. Rc1 0-0 8. g3 Rd8 9. Bg2 c5 10. cxd5 cxd4 11. Nxd4 Nxd5 12. 0-0 e5 13. Rxc8 Rxc8 14. Nf5 Qe6 15. Bxd5 Qxf5 16. Bxb7 Nc6 17. Qb1 Qd7 18. Bxa8 Rxa8 19. Nf3 h6 20. Qe4 Re8 21. e3 f5 22. Qc4+ Kh7 23. e4 Nd4 24. Qd3 Qb5 25. Qxb5 axb5 26. Nxd4 exd4 27. exf5 Re2 28. Rb1 d3 29. Rd1 Rxb2 30. Rxd3 Rxa2 31. Rb3 Ra5 32. Rb4 Kg8 33. Kg2 Kf7 34. h3 h5 35. Rb3 Kf6 36. g4 hxg4 37. hxg4 Ke5 38. Kg3 Kd4 39. Rb1 Ra3+ 40. Kf4 Kc4 41. Rc1+ Rc3 42. Rxc3+ Kxc3 43. g5 b4 44. f6 gxf6 45. gxf6 b3 46. f7 b2 47. f8Q b1Q 48. Qc5+ Kd2 49. Qe3+ Kd1 50. Qf3+ Kd2 51. Kg3 Qg6+ 52. Qg4 Qd3+ 53. f3 Qd8 54. Qf4+ Kc2 55. Qc4+ Kb2 56. f4 Qd7 57. Qe2+ Ka3 58. Qe5 Qd3+ 59. Kh4 Qh7+ 60. Kg5 Qg8+ 61. Kh6 Qf8+ 62. Kg6 Qg8+ 63. Qg7 Qe6+ 64. Kg5 Qd5+ 65. Qe5 Qg8+ 66. Kf6 Qf8+ 67. Ke6 Qe8+ 68. Kd6 Qd8+ 69. Kc6 Qc8+ 70. Qc7 Qa6+ 71. Kc5 Qa4 72. Qd6 Qe4 73. Qe5 Qb4+ 74. Kc6 Qa4+ 75. Kd6 Qa6+ 76. Ke7 Qb7+ 77. Kf6 Qc6+ 78. Qe6 Qc3+ 79. Kf7 Qh8 80. f5 Qh7+ 81. Ke8 Qh8+ 82. Kd7 1-0

[Event "FIDE World Rapid Team"]
[Site "Almaty"]
[Date "2024.08.02"]
[Round "2.8"]
[White "Jumabayev, Rinat"]
[Black "Svidler, Peter"]
[Result "1-0"]
[WhiteElo "2577"]
[BlackElo "2698"]
[PlyCount "119"]
[EventDate "2024.08.02"]
[EventType "team (rapid)"]
[EventRounds "12"]
[EventCountry "KAZ"]
[SourceTitle "CBM 221 Extra"]
[Source "ChessBase"]
[SourceDate "2024.09.30"]
[SourceVersion "1"]
[SourceVersionDate "2024.09.30"]
[SourceQuality "1"]
[WhiteTeam "Theme Int Trading"]
[BlackTeam "Kazchess"]
[WhiteTeamCountry "SIN"]
[BlackTeamCountry "KAZ"]

1. d4 Nf6 2. c4 g6 3. g3 c5 4. dxc5 Qa5+ 5. Nc3 Qxc5 6. e4 d6 7. Be3 Qa5 8. f3 Bg7 9. Rc1 0-0 10. Nge2 Nc6 11. Nf4 Nh5 12. Nxh5 Qxh5 13. Bg2 Qa5 14. Qd2 Be6 15. b3 Rfc8 16. Nd5 Qxd2+ 17. Kxd2 f5 18. exf5 Bxf5 19. h3 e6 20. Nc3 d5 21. cxd5 exd5 22. Nb5 Bf8 23. g4 Bd7 24. f4 Nb4 25. Nc7 Bc6 26. Nxa8 Rxa8 27. Bd4 Bd6 28. Be5 Bxe5 29. fxe5 Nxa2 30. Rce1 Kf7 31. e6+ Ke7 32. Rhf1 Be8 33. Rf4 Rc8 34. Ra1 Nc3 35. Rc1 Ne4+ 36. Bxe4 Rxc1 37. Kxc1 dxe4 38. Rxe4 Bc6 39. Re5 Bg2 40. h4 h6 41. Kd2 Bh3 42. Re4 Bg2 43. Re5 Bh3 44. Re4 Bg2 45. Rf4 Kxe6 46. g5 hxg5 47. hxg5 Ke5 48. Rf6 Be4 49. Ke3 Bc2 50. b4 Kd5 51. Rf7 Kc6 52. Rf2 Bb1 53. Rf1 Ba2 54. Rf6+ Kb5 55. Rxg6 Kxb4 56. Rg7 b5 57. Rxa7 Bg8 58. g6 Kc3 59. Rc7+ Kb3 60. Rc8 1-0

[Event "FIDE World Rapid Team"]
[Site "Almaty"]
[Date "2024.08.02"]
[Round "4.14"]
[White "Narayanan, Sunilduth Lyna"]
[Black "Svidler, Peter"]
[Result "0-1"]
[WhiteElo "2649"]
[BlackElo "2698"]
[PlyCount "70"]
[EventDate "2024.08.02"]
[EventType "team (rapid)"]
[EventRounds "12"]
[EventCountry "KAZ"]
[SourceTitle "CBM 221 Extra"]
[Source "ChessBase"]
[SourceDate "2024.09.30"]
[SourceVersion "1"]
[SourceVersionDate "2024.09.30"]
[SourceQuality "1"]
[WhiteTeam "MGD1 Team"]
[BlackTeam "Kazchess"]
[WhiteTeamCountry "IND"]
[BlackTeamCountry "KAZ"]

1. e4 c5 2. Nf3 e6 3. d4 cxd4 4. Nxd4 a6 5. Nc3 b5 6. Bd3 Bb7 7. 0-0 Nc6 8. Nxc6 Bxc6 9. Re1 Bc5 10. e5 f5 11. Qh5+ g6 12. Qh3 h6 13. Qg3 Ne7 14. a4 b4 15. Ne2 g5 16. a5 Qc7 17. Bd2 Ng6 18. c3 bxc3 19. bxc3 Nh4 20. Nf4 Be7 21. Nh5 Bxg2 22. Be2 Qc6 23. Nf6+ Bxf6 24. exf6 Bf3 25. Bf1 Kf7 26. Rab1 Be4 27. Be2 Bxb1 28. Bh5+ Ng6 29. Rxb1 Qd5 30. Rd1 g4 31. c4 Qf3 32. Qxf3 gxf3 33. Bc3 Rhd8 34. Bxf3 Rac8 35. Rd4 d5 0-1

[Event "FIDE World Rapid Team"]
[Site "Almaty"]
[Date "2024.08.02"]
[Round "1.8"]
[White "Svidler, Peter"]
[Black "Isaev, Anton"]
[Result "1-0"]
[WhiteElo "2698"]
[BlackElo "2156"]
[PlyCount "61"]
[EventDate "2024.08.02"]
[EventType "team (rapid)"]
[EventRounds "12"]
[EventCountry "KAZ"]
[SourceTitle "CBM 221 Extra"]
[Source "ChessBase"]
[SourceDate "2024.09.30"]
[SourceVersion "1"]
[SourceVersionDate "2024.09.30"]
[SourceQuality "1"]
[WhiteTeam "Kazchess"]
[BlackTeam "Storm of Dragons"]
[WhiteTeamCountry "KAZ"]
[BlackTeamCountry "KAZ"]

1. e4 c5 2. Nf3 d6 3. d4 cxd4 4. Nxd4 Nf6 5. Nc3 Nc6 6. Bg5 Bd7 7. Qd2 Rc8 8. Nxc6 Bxc6 9. f3 Qa5 10. Nb5 Qxd2+ 11. Bxd2 a6 12. Na7 Ra8 13. Nxc6 bxc6 14. a4 e6 15. Ra3 d5 16. Rb3 dxe4 17. Rb6 exf3 18. gxf3 a5 19. Rxc6 Bb4 20. c3 Be7 21. Rc7 Bd6 22. Bb5+ Kf8 23. Rb7 Nd5 24. c4 Nb4 25. Ke2 h5 26. h4 Be7 27. Bc3 f6 28. Rd1 Rd8 29. Rxd8+ Bxd8 30. Bxb4+ axb4 31. a5 1-0

[Event "FIDE World Rapid Team"]
[Site "Almaty"]
[Date "2024.08.02"]
[Round "3.8"]
[White "Svidler, Peter"]
[Black "Wafa, Hamed"]
[Result "1-0"]
[WhiteElo "2698"]
[BlackElo "2345"]
[PlyCount "93"]
[EventDate "2024.08.02"]
[EventType "team (rapid)"]
[EventRounds "12"]
[EventCountry "KAZ"]
[SourceTitle "CBM 221 Extra"]
[Source "ChessBase"]
[SourceDate "2024.09.30"]
[SourceVersion "1"]
[SourceVersionDate "2024.09.30"]
[SourceQuality "1"]
[WhiteTeam "Kazchess"]
[BlackTeam "Egypt"]
[WhiteTeamCountry "KAZ"]
[BlackTeamCountry "EGY"]

1. e4 c5 2. Nf3 d6 3. Bb5+ Bd7 4. c4 Nf6 5. Nc3 g6 6. 0-0 Bg7 7. d4 cxd4 8. Nxd4 0-0 9. h3 Nc6 10. Bxc6 bxc6 11. c5 dxc5 12. Nb3 c4 13. Nc5 Bc8 14. Qe2 Nd7 15. Rd1 Qc7 16. Qxc4 Nxc5 17. Qxc5 Be5 18. Bh6 Re8 19. Rac1 Be6 20. b3 Rad8 21. Ne2 f6 22. Nd4 Bxd4 23. Rxd4 Rxd4 24. Qxd4 Kf7 25. e5 Rd8 26. Rxc6 Rxd4 27. Rxc7 Rd1+ 28. Kh2 Rd7 29. Rc6 Rd5 30. exf6 exf6 31. Ra6 g5 32. Rxa7+ Bd7 33. a4 Rd2 34. f3 Ke6 35. b4 Ra2 36. Ra6+ Kf5 37. b5 Bc8 38. Ra7 Rb2 39. Bg7 Kg6 40. Bh8 Be6 41. Rg7+ Kf5 42. Rxh7 Kg6 43. Rg7+ Kf5 44. Rc7 Bd5 45. Rc5 Ke6 46. Bxf6 Ra2 47. Kg3 1-0

[Event "HUN-ch Rapid"]
[Site "Ajka"]
[Date "2024.07.21"]
[Round "9"]
[White "Palczert, Matyas"]
[Black "Svidler, Peter"]
[Result "0-1"]
[WhiteElo "2345"]
[BlackElo "2698"]
[PlyCount "102"]
[EventDate "2024.07.20"]
[EventType "swiss (rapid)"]
[EventRounds "11"]
[EventCountry "HUN"]
[SourceTitle "CBM 221 Extra"]
[Source "ChessBase"]
[SourceDate "2024.09.30"]
[SourceVersion "1"]
[SourceVersionDate "2024.09.30"]
[SourceQuality "1"]

1. e4 c5 2. Nf3 d6 3. d4 cxd4 4. Nxd4 Nf6 5. Nc3 a6 6. h3 e5 7. Nf3 Qc7 8. Nh2 Be6 9. Ng4 Nbd7 10. Nxf6+ Nxf6 11. Bg5 Be7 12. Bxf6 Bxf6 13. Bd3 Bg5 14. 0-0 g6 15. Qf3 Bd2 16. Ne2 0-0 17. Qf6 Qd8 18. Qxd8 Raxd8 19. Rad1 Ba5 20. c4 f5 21. b3 Bb6 22. Kh2 f4 23. f3 h5 24. Bc2 Kf7 25. Rd3 Bc5 26. Nc3 Rh8 27. Nd5 g5 28. b4 Bd4 29. Bb3 Bxd5 30. exd5 g4 31. fxg4 hxg4 32. Rxd4 g3+ 33. Kg1 exd4 34. Rxf4+ Kg7 35. Rxd4 Rh6 36. c5 Re8 37. Rg4+ Rg6 38. Rxg6+ Kxg6 39. Kf1 dxc5 40. bxc5 Rc8 41. c6 bxc6 42. dxc6 Rxc6 43. Ke2 Rf6 44. Bd5 Rf2+ 45. Ke3 Kf5 46. a4 Ke5 47. Bb7 a5 48. Bc6 Rc2 49. Bb5 Rxg2 50. Kf3 Rb2 51. Bc6 g2 0-1

[Event "HUN-ch Rapid"]
[Site "Ajka"]
[Date "2024.07.21"]
[Round "8"]
[White "Svidler, Peter"]
[Black "Glek, Igor Vladimirovich"]
[Result "1-0"]
[WhiteElo "2698"]
[BlackElo "2396"]
[PlyCount "59"]
[EventDate "2024.07.20"]
[EventType "swiss (rapid)"]
[EventRounds "11"]
[EventCountry "HUN"]
[SourceTitle "CBM 221 Extra"]
[Source "ChessBase"]
[SourceDate "2024.09.30"]
[SourceVersion "1"]
[SourceVersionDate "2024.09.30"]
[SourceQuality "1"]

1. e4 c5 2. Nf3 g6 3. d4 cxd4 4. Nxd4 Nc6 5. Nc3 Bg7 6. Be3 Nf6 7. Bc4 0-0 8. Bb3 Re8 9. h3 d6 10. 0-0 Bd7 11. f4 Nxd4 12. Bxd4 Bc6 13. e5 Ne4 14. Nxe4 Bxe4 15. c3 dxe5 16. fxe5 e6 17. Qe2 Bc6 18. Rf4 Qa5 19. Raf1 Re7 20. Qf2 Qc7 21. h4 b6 22. h5 Rf8 23. Qh4 Rfe8 24. hxg6 fxg6 25. Qg5 Bd5 26. Bc2 Rf8 27. Rf6 Ref7 28. R1f4 Qc4 29. Bxg6 hxg6 30. Qxg6 1-0

[Event "HUN-ch Rapid"]
[Site "Ajka"]
[Date "2024.07.21"]
[Round "10"]
[White "Svidler, Peter"]
[Black "Sjugirov, Sanan"]
[Result "1-0"]
[WhiteElo "2698"]
[BlackElo "2651"]
[PlyCount "67"]
[EventDate "2024.07.20"]
[EventType "swiss (rapid)"]
[EventRounds "11"]
[EventCountry "HUN"]
[SourceTitle "CBM 221 Extra"]
[Source "ChessBase"]
[SourceDate "2024.09.30"]
[SourceVersion "1"]
[SourceVersionDate "2024.09.30"]
[SourceQuality "1"]

1. c4 c6 2. Nf3 d5 3. e3 Nf6 4. Nc3 e6 5. b3 Bd6 6. Bb2 0-0 7. h3 Nbd7 8. g4 Qe7 9. Qc2 Ba3 10. Bxa3 Qxa3 11. g5 Ne8 12. Bd3 f5 13. gxf6 Ndxf6 14. Ne5 Nd6 15. Rg1 Nf5 16. Ne2 a5 17. cxd5 Nxd5 18. Bc4 Qd6 19. d4 a4 20. bxa4 Qb4+ 21. Qd2 Qxa4 22. e4 Nb6 23. Bb3 Qxb3 24. axb3 Rxa1+ 25. Nc1 Nxd4 26. Qb2 Nd7 27. Nxd7 Rxc1+ 28. Qxc1 Bxd7 29. Rg3 e5 30. Qg5 g6 31. Kf1 Re8 32. h4 Be6 33. h5 Bf7 34. h6 1-0

[Event "HUN-ch Rapid"]
[Site "Ajka"]
[Date "2024.07.21"]
[Round "7"]
[White "Zwardon, Vojtech"]
[Black "Svidler, Peter"]
[Result "1-0"]
[WhiteElo "2458"]
[BlackElo "2698"]
[PlyCount "58"]
[EventDate "2024.07.20"]
[EventType "swiss (rapid)"]
[EventRounds "11"]
[EventCountry "HUN"]
[SourceTitle "CBM 221 Extra"]
[Source "ChessBase"]
[SourceDate "2024.09.30"]
[SourceVersion "1"]
[SourceVersionDate "2024.09.30"]
[SourceQuality "1"]

1. c4 e5 2. g3 d5 3. cxd5 Qxd5 4. Nf3 Qd8 5. Nc3 Nc6 6. Bg2 Nf6 7. 0-0 h6 8. d3 Bd6 9. a3 a5 10. d4 0-0 11. Nb5 e4 12. Nd2 Re8 13. Nc4 Bf8 14. e3 Bg4 15. Qc2 Qd7 16. b3 Bh3 17. Bxh3 Qxh3 18. Nxc7 Ng4 19. f3 exf3 20. Nxe8 Rxe8 21. Ra2 Nxd4 22. Qd1 Ne2+ 23. Rxe2 fxe2 24. Qxe2 b5 25. Nxa5 Bc5 26. Rf3 Re5 27. Nb7 Rh5 28. Nxc5 Nxh2 29. Nd3 Rg5 1-0

[Event "HUN-ch Rapid"]
[Site "Ajka"]
[Date "2024.07.20"]
[Round "5"]
[White "Erdos, Viktor"]
[Black "Svidler, Peter"]
[Result "1/2-1/2"]
[WhiteElo "2539"]
[BlackElo "2698"]
[PlyCount "33"]
[EventDate "2024.07.20"]
[EventType "swiss (rapid)"]
[EventRounds "11"]
[EventCountry "HUN"]
[SourceTitle "CBM 221 Extra"]
[Source "ChessBase"]
[SourceDate "2024.09.30"]
[SourceVersion "1"]
[SourceVersionDate "2024.09.30"]
[SourceQuality "1"]

1. Nf3 c5 2. e4 d6 3. Bb5+ Nd7 4. c4 Ngf6 5. Nc3 g6 6. h3 Bg7 7. Ba4 0-0 8. 0-0 a6 9. d3 e6 10. Bf4 Qc7 11. Qd2 b6 12. Rae1 Bb7 13. Nh2 Ne5 14. Bc2 b5 15. cxb5 axb5 16. Nxb5 Qb6 17. Bxe5 1/2-1/2

[Event "HUN-ch Rapid"]
[Site "Ajka"]
[Date "2024.07.20"]
[Round "1"]
[White "Feher, Botond"]
[Black "Svidler, Peter"]
[Result "0-1"]
[WhiteElo "2112"]
[BlackElo "2698"]
[PlyCount "110"]
[EventDate "2024.07.20"]
[EventType "swiss (rapid)"]
[EventRounds "11"]
[EventCountry "HUN"]
[SourceTitle "CBM 221 Extra"]
[Source "ChessBase"]
[SourceDate "2024.09.30"]
[SourceVersion "1"]
[SourceVersionDate "2024.09.30"]
[SourceQuality "1"]

1. e4 c5 2. d4 cxd4 3. c3 dxc3 4. Nxc3 Nc6 5. Nf3 e6 6. Bc4 Bb4 7. 0-0 Nge7 8. Nb5 d5 9. exd5 exd5 10. Bxd5 Nxd5 11. Qxd5 0-0 12. Qxd8 Rxd8 13. h3 Bf5 14. a3 Bd3 15. axb4 Bxb5 16. Re1 Nxb4 17. Ra5 a6 18. Be3 Nc2 19. Rc1 Nxe3 20. fxe3 Rac8 21. Raa1 Kf8 22. Kf2 Ke7 23. Nd4 Bd7 24. Rd1 Rc4 25. Ra5 f6 26. Rd5 Rdc8 27. Kg3 R4c5 28. Rxc5 Rxc5 29. Kf4 h5 30. h4 a5 31. Kg3 a4 32. Kf2 b5 33. Rd2 b4 34. Rd3 Rc1 35. g3 Rb1 36. Rd2 a3 37. bxa3 bxa3 38. Kf3 Be6 39. Nxe6 Kxe6 40. Ra2 Rb3 41. Kf4 Rb4+ 42. e4 Ra4 43. Ke3 Ke5 44. Kd3 Ra8 45. Ke3 Ra7 46. Kf3 Ra4 47. g4 hxg4+ 48. Kxg4 f5+ 49. Kg5 fxe4 50. Kg6 Ra7 51. h5 e3 52. Kg5 Ke4 53. Kg4 Kd3 54. Kf3 e2 55. Kf2 Rf7+ 0-1

[Event "HUN-ch Rapid"]
[Site "Ajka"]
[Date "2024.07.20"]
[Round "3"]
[White "Pap, Misa"]
[Black "Svidler, Peter"]
[Result "0-1"]
[WhiteElo "2399"]
[BlackElo "2698"]
[PlyCount "116"]
[EventDate "2024.07.20"]
[EventType "swiss (rapid)"]
[EventRounds "11"]
[EventCountry "HUN"]
[SourceTitle "CBM 221 Extra"]
[Source "ChessBase"]
[SourceDate "2024.09.30"]
[SourceVersion "1"]
[SourceVersionDate "2024.09.30"]
[SourceQuality "1"]

1. e4 c5 2. c3 Nf6 3. e5 Nd5 4. Nf3 e6 5. d4 cxd4 6. cxd4 d6 7. Bc4 Nc6 8. Qe2 Be7 9. 0-0 0-0 10. Rd1 Bd7 11. Bd2 Qb6 12. Nc3 Nxc3 13. Bxc3 dxe5 14. dxe5 Rfd8 15. a3 Na5 16. Bd3 Nb3 17. Rab1 Bc6 18. Be4 h6 19. h3 a5 20. Bxc6 Qxc6 21. Nd4 Nxd4 22. Bxd4 Rac8 23. Bc3 a4 24. Rbc1 Rxd1+ 25. Qxd1 Bg5 26. Ra1 Rd8 27. Qe2 Rd5 28. Rd1 Be7 29. Rxd5 Qxd5 30. Qd2 Qxd2 31. Bxd2 h5 32. g4 hxg4 33. hxg4 Kf8 34. Kg2 Ke8 35. Kf3 Kd7 36. Ke4 Kc6 37. f4 g6 38. Be1 Bd8 39. Bb4 Bh4 40. Bf8 Kb5 41. Kd3 Bg3 42. Bh6 Kc5 43. Bg5 Kd5 44. Bh6 Bf2 45. Kc3 Bd4+ 46. Kb4 Bxb2 47. Kxa4 Kc4 48. Ka5 b5 49. Bf8 Bc1 50. Kb6 Bxf4 51. Bg7 Be3+ 52. Kc6 Bc5 53. Kd7 Bxa3 54. Ke8 Bc5 55. Kxf7 b4 56. Bh6 b3 57. Bc1 Kc3 58. Kxe6 Kc2 0-1

[Event "HUN-ch Rapid"]
[Site "Ajka"]
[Date "2024.07.20"]
[Round "2"]
[White "Svidler, Peter"]
[Black "Bodi, Tibor"]
[Result "1-0"]
[WhiteElo "2698"]
[BlackElo "2305"]
[PlyCount "67"]
[EventDate "2024.07.20"]
[EventType "swiss (rapid)"]
[EventRounds "11"]
[EventCountry "HUN"]
[SourceTitle "CBM 221 Extra"]
[Source "ChessBase"]
[SourceDate "2024.09.30"]
[SourceVersion "1"]
[SourceVersionDate "2024.09.30"]
[SourceQuality "1"]

1. e4 Nf6 2. e5 Nd5 3. d4 d6 4. Nf3 g6 5. Bc4 Nb6 6. Bb3 Bg7 7. Qe2 Nc6 8. Nbd2 d5 9. c3 0-0 10. h4 f6 11. h5 fxe5 12. hxg6 hxg6 13. Nxe5 Nxe5 14. dxe5 Qd7 15. Nf3 Qg4 16. Kf1 g5 17. Rh3 Qxh3 18. gxh3 Bxh3+ 19. Ke1 Bg4 20. Qe3 Bxf3 21. Qxg5 Nc4 22. Bf4 Rxf4 23. Qxf4 Nxe5 24. Rd1 c6 25. Rd4 Rf8 26. Qg3 e6 27. Bc2 Bh5 28. Rf4 Nf3+ 29. Kf1 Rxf4 30. Qxf4 Be5 31. Qh6 Nh2+ 32. Kg1 Nf3+ 33. Kg2 Ne1+ 34. Kf1 1-0

[Event "HUN-ch Rapid"]
[Site "Ajka"]
[Date "2024.07.20"]
[Round "4"]
[White "Svidler, Peter"]
[Black "Pechac, Jergus"]
[Result "1/2-1/2"]
[WhiteElo "2698"]
[BlackElo "2578"]
[PlyCount "88"]
[EventDate "2024.07.20"]
[EventType "swiss (rapid)"]
[EventRounds "11"]
[EventCountry "HUN"]
[SourceTitle "CBM 221 Extra"]
[Source "ChessBase"]
[SourceDate "2024.09.30"]
[SourceVersion "1"]
[SourceVersionDate "2024.09.30"]
[SourceQuality "1"]

1. e4 e5 2. Nf3 Nc6 3. Bb5 Nge7 4. Nc3 Ng6 5. d4 exd4 6. Nxd4 Nxd4 7. Qxd4 c6 8. Be2 Qb6 9. Qd3 Be7 10. 0-0 0-0 11. Kh1 d6 12. f4 f5 13. b3 fxe4 14. Nxe4 d5 15. Ng3 Bd6 16. f5 Ne5 17. Qd2 Nd7 18. Bb2 Nf6 19. Qg5 Qc7 20. Nh5 Nxh5 21. Bxh5 Be5 22. Bxe5 Qxe5 23. Rae1 Qf6 24. Qxf6 Rxf6 25. g4 Bd7 26. Re7 Rd8 27. Kg2 c5 28. h4 d4 29. g5 Rxf5 30. Rxd7 Rxd7 31. Rxf5 g6 32. Bxg6 hxg6 33. Rxc5 d3 34. cxd3 Rxd3 35. Rc7 Rd2+ 36. Kf3 Rxa2 37. Rxb7 a5 38. Kf4 a4 39. bxa4 Rxa4+ 40. Ke5 Rxh4 41. Kf6 Ra4 42. Rb8+ Kh7 43. Rb7+ Kg8 44. Rb8+ Kh7 1/2-1/2

[Event "HUN-ch Rapid"]
[Site "Ajka"]
[Date "2024.07.20"]
[Round "6"]
[White "Svidler, Peter"]
[Black "Sahidi, Samir"]
[Result "1-0"]
[WhiteElo "2698"]
[BlackElo "2477"]
[PlyCount "117"]
[EventDate "2024.07.20"]
[EventType "swiss (rapid)"]
[EventRounds "11"]
[EventCountry "HUN"]
[SourceTitle "CBM 221 Extra"]
[Source "ChessBase"]
[SourceDate "2024.09.30"]
[SourceVersion "1"]
[SourceVersionDate "2024.09.30"]
[SourceQuality "1"]

1. e4 e5 2. Nf3 Nc6 3. Bb5 Nf6 4. d3 d6 5. 0-0 Bd7 6. c4 g6 7. Nc3 Bg7 8. h3 0-0 9. Bg5 Qe8 10. Rc1 a6 11. Ba4 h6 12. Be3 Ne7 13. Bxd7 Nxd7 14. d4 exd4 15. Bxd4 Ne5 16. Nxe5 Bxe5 17. f4 Bxd4+ 18. Qxd4 f5 19. Nd5 Nxd5 20. Qxd5+ Qf7 21. Qxb7 Rab8 22. Qxa6 Rxb2 23. exf5 gxf5 24. Qa3 Qg7 25. Rf2 Rxf2 26. Kxf2 Qd4+ 27. Qe3 Qxe3+ 28. Kxe3 Ra8 29. Rc2 Kf7 30. Kd4 Ke6 31. Re2+ Kd7 32. g4 Ra3 33. gxf5 Rf3 34. Ke4 Rxh3 35. Rg2 Ke7 36. Rg7+ Kf6 37. Rxc7 Rh2 38. Rd7 Re2+ 39. Kd3 Rxa2 40. Rxd6+ Kxf5 41. Rxh6 Kxf4 42. Kd4 Rd2+ 43. Kc5 Ke5 44. Kc6 Ra2 45. Rh5+ Ke6 46. c5 Ke7 47. Rh7+ Kd8 48. Rh8+ Ke7 49. Kc7 Ra7+ 50. Kb6 Ra1 51. c6 Rb1+ 52. Kc7 Rb2 53. Rh4 Ke6 54. Rd4 Rb1 55. Kc8 Ke7 56. c7 Rb2 57. Re4+ Kd6 58. Kd8 Rh2 59. c8Q 1-0

[Event "HUN-ch Blitz"]
[Site "Ajka"]
[Date "2024.07.19"]
[Round "11"]
[White "Eljanov, Pavel"]
[Black "Svidler, Peter"]
[Result "1-0"]
[WhiteElo "2672"]
[BlackElo "2698"]
[PlyCount "53"]
[EventDate "2024.07.19"]
[EventType "swiss (blitz)"]
[EventRounds "13"]
[EventCountry "HUN"]
[SourceTitle "CBM 221 Extra"]
[Source "ChessBase"]
[SourceDate "2024.09.30"]
[SourceVersion "1"]
[SourceVersionDate "2024.09.30"]
[SourceQuality "1"]

1. d4 Nf6 2. c4 g6 3. g3 c5 4. dxc5 Qa5+ 5. Bd2 Qxc5 6. Nc3 Bg7 7. Bg2 0-0 8. b3 d6 9. Nf3 Nc6 10. 0-0 Qh5 11. h4 h6 12. Rc1 Be6 13. Be3 Ng4 14. Bd4 Nxd4 15. Nxd4 g5 16. Nf3 Ne5 17. Nd5 Bxd5 18. Qxd5 b6 19. hxg5 hxg5 20. Nxe5 Bxe5 21. Bf3 Qg6 22. Qxa8 Rxa8 23. Bxa8 Bb2 24. Rcd1 Qc2 25. e3 Bf6 26. Bd5 Qxa2 27. b4 1-0

[Event "HUN-ch Blitz"]
[Site "Ajka"]
[Date "2024.07.19"]
[Round "5"]
[White "Jovanovic, Zoran"]
[Black "Svidler, Peter"]
[Result "0-1"]
[WhiteElo "2525"]
[BlackElo "2698"]
[PlyCount "58"]
[EventDate "2024.07.19"]
[EventType "swiss (blitz)"]
[EventRounds "13"]
[EventCountry "HUN"]
[SourceTitle "CBM 221 Extra"]
[Source "ChessBase"]
[SourceDate "2024.09.30"]
[SourceVersion "1"]
[SourceVersionDate "2024.09.30"]
[SourceQuality "1"]

1. e4 c5 2. Nf3 e6 3. g3 d5 4. exd5 exd5 5. d4 Nc6 6. Bg2 Nf6 7. 0-0 Be7 8. dxc5 Bxc5 9. Nc3 h6 10. a3 0-0 11. b4 Bb6 12. Bb2 Bg4 13. h3 Bh5 14. Na4 Bc7 15. Nc5 Ne4 16. Nxb7 Qd7 17. g4 Bg6 18. Nc5 Nxc5 19. bxc5 Rab8 20. Bc3 Be4 21. Nd4 Rfe8 22. Nxc6 Qxc6 23. Bd4 Be5 24. c3 Rb2 25. Re1 Bb8 26. f3 Qc7 27. Re2 Qh2+ 28. Kf1 Bd3 29. Qxd3 Rexe2 0-1

[Event "HUN-ch Blitz"]
[Site "Ajka"]
[Date "2024.07.19"]
[Round "9"]
[White "Khotenashvili, Bela"]
[Black "Svidler, Peter"]
[Result "1/2-1/2"]
[WhiteElo "2427"]
[BlackElo "2698"]
[PlyCount "39"]
[EventDate "2024.07.19"]
[EventType "swiss (blitz)"]
[EventRounds "13"]
[EventCountry "HUN"]
[SourceTitle "CBM 221 Extra"]
[Source "ChessBase"]
[SourceDate "2024.09.30"]
[SourceVersion "1"]
[SourceVersionDate "2024.09.30"]
[SourceQuality "1"]

1. Nf3 c5 2. g3 b5 3. Bg2 Bb7 4. c4 bxc4 5. Na3 e6 6. Nxc4 d5 7. Nce5 Nd7 8. Qa4 Bd6 9. d4 cxd4 10. Bf4 Ngf6 11. Nxf7 Kxf7 12. Bxd6 Nb6 13. Ne5+ Kg8 14. Bb4 Ne4 15. f4 Qf6 16. Nc4 dxc4 17. 0-0 h5 18. Be7 Qf5 19. Rfd1 Bd5 20. Bh4 1/2-1/2

[Event "HUN-ch Blitz"]
[Site "Ajka"]
[Date "2024.07.19"]
[Round "7"]
[White "Livaic, Leon"]
[Black "Svidler, Peter"]
[Result "0-1"]
[WhiteElo "2547"]
[BlackElo "2698"]
[PlyCount "56"]
[EventDate "2024.07.19"]
[EventType "swiss (blitz)"]
[EventRounds "13"]
[EventCountry "HUN"]
[SourceTitle "CBM 221 Extra"]
[Source "ChessBase"]
[SourceDate "2024.09.30"]
[SourceVersion "1"]
[SourceVersionDate "2024.09.30"]
[SourceQuality "1"]

1. d4 Nf6 2. c4 g6 3. Nc3 d5 4. Nf3 Bg7 5. e3 0-0 6. cxd5 Nxd5 7. Bc4 Nb6 8. Bb3 c5 9. 0-0 Bg4 10. h3 Bxf3 11. Qxf3 cxd4 12. exd4 Nc6 13. Rd1 Rc8 14. Be3 Na5 15. d5 Nbc4 16. Bc1 Qb6 17. Na4 Qb4 18. Bg5 b5 19. Nc3 Nxb2 20. Rdc1 Rxc3 21. Rxc3 Bxc3 22. Rc1 Be5 23. Bh6 Nbc4 24. Bxf8 Kxf8 25. d6 Bxd6 26. Qa8+ Kg7 27. Qxa7 Nxb3 28. axb3 Qxb3 0-1